| 000 | 01915cam a22004934i 4500 | ||
|---|---|---|---|
| 003 | PE-LiUPU | ||
| 005 | 20250731172834.0 | ||
| 008 | 080819s2008 miu b 000 0 eng d | ||
| 020 | _a9780825427572 | ||
| 035 | _a(Sirsi) i9780825427572 | ||
| 040 |
_aDLC _bspa _cDLC _dDLC _dPE-LiUPU _erda |
||
| 049 | _aPRUA | ||
| 082 | 0 | 4 |
_a230.071 _bP7 |
| 245 | 0 | 0 |
_aPreparing for ministry : _ba practical guide to theological field education / _cGeorge M. Hillman, Jr, editor. |
| 264 | 1 |
_aGrand Rapids, MI : _bKregel Publications008. |
|
| 300 |
_a366 páginas , _c23 centímetros. |
||
| 336 |
_atext _2rdacontent |
||
| 337 |
_aunmediated _2rdamedia |
||
| 338 |
_avolume _2rdacarrier |
||
| 504 | _aBibliografía : páginas 359-366. | ||
| 526 | _aSEG42 | ||
| 526 | _aSEG41 | ||
| 526 | _aSEG40 | ||
| 526 | _aSEG39 | ||
| 526 | _aP94 | ||
| 526 | _aP87 | ||
| 526 | _aP86 | ||
| 526 | _aP85 | ||
| 526 | _aP77 | ||
| 526 | _aP76 | ||
| 526 | _aP35 | ||
| 650 | 0 |
_aTeología Pastoral _vTrabajo de campo. |
|
| 700 | 1 | _aHillman, George M. | |
| 856 | 4 | 1 |
_3Tabla de contenido _uhttp://www.loc.gov/catdir/toc/ecip0826/2008036366.html |
| 910 |
_ajche _bjkc _cjche _d20150827 |
||
| 942 |
_2ddc _cBOOK |
||
| 949 |
_aPGT 230.071 P7 _wDEWEY _c1 _i71989 _lCCODEBUL1 _mBUL _r0 _sY _tBOOK _u2015-8-27 _xTEOLOGIA _PP85 _0COMPRA _o.CIRCNOTE. No olvidar cambiar la fecha de devolución!!!!!!! _o.STAFF. Posgrado |
||
| 994 |
_aC0 _bPEPRU |
||
| 856 | 4 | 1 |
_3Tabla de contenido _uhttp://www.loc.gov/catdir/toc/ecip0826/2008036366.html |
| 856 | 4 | 1 |
_3Tabla de contenido _uhttp://www.loc.gov/catdir/toc/ecip0826/2008036366.html |
| 596 | _a1 | ||
| 999 |
_aPGT 230.071 P7 _wDEWEY _c6904 _i71989 _f2021-11-9 _g6 _lCCODEBUL1 _mBUL _r0 _sY _tBOOK _u2015-8-27 _xTEOLOGIA _PP85 _0COMPRA _o.CIRCNOTE. No olvidar cambiar la fecha de devolución!!!!!!! _o.STAFF. Posgrado _d6904 |
||
| 980 |
_81 _gALBERTO SANCHEZ Responsable de Automatización |
||